00602nam a22001697a 450000500170000001000150001702000260003203500140005803700130007208200150008510000220010024501140012226000570023627000880029330000270038170000240040820220915112319.0 aENG-135059 a9788193376119c250.00 aEN-118591 bDBAD/PUB a303.609541 aFernandes, Walter aJournals of Dispute:bMedia Coverage of Conflilcts in the Northeast/cWalter Fernandes and Bhaswati Borgohain aGuwahatibNorth Eastern Social Research Centrec2017 aJagriti 2nd Floor, GMCH Road, Christian BastibGuwahatie781005mnesrcghy@gmail.com aviii, 199p.c21cm(pbk) aBorgohain, Bhaswati